[Event "Scarborough CC Jack Frost U1800"]
[Site "Toronto CAN"]
[Date "2012.01.19"]
[Round "3"]
[White "Mahendran, Sujeev"]
[Black "Li, Yinshi"]
[Result "0-1"]
[WhiteElo "1474"]
[BlackElo "1653"]
[PlyCount "84"]
[GameId "2160767909573163"]
[EventDate "2012.01.05"]
[EventType "swiss"]
[EventRounds "6"]
[EventCountry "CAN"]
[SourceTitle "EXT 2022"]
[Source "ChessBase"]
[SourceDate "2021.10.06"]
[SourceVersion "1"]
[SourceVersionDate "2021.10.06"]
[SourceQuality "1"]

1. d4 d5 2. c4 c6 3. Nc3 Nf6 4. Bg5 e6 5. e3 Be7 6. Nf3 O-O 7. Bd3 Nbd7 8. O-O dxc4 9. Bxc4 b5 10. Bd3 Bb7 11. Bxf6 Nxf6 12. a3 a5 13. Ne4 Qb6 14. Qc2 Nxe4 15. Bxe4 f5 16. Bd3 c5 17. dxc5 Bxc5 18. Be2 a4 19. Rfd1 f4 20. Nd4 fxe3 21. fxe3 e5 22. Nf3 Bxe3+ 23. Kh1 Rac8 24. Qb1 Qe6 25. Qd3 Bd4 26. Qxb5 Qb3 27. Qxb3+ axb3 28. Nxd4 exd4 29. Rf1 Rc2 30. Rxf8+ Kxf8 31. Rf1+ Ke7 32. Bf3 Bxf3 33. gxf3 d3 34. Rd1 d2 35. Kg2 Kd6 36. Kf2 Kc5 37. Ke3 Rxb2 38. Rxd2 Rxd2 39. Kxd2 Kb5 40. Kc3 Ka4 41. Kb2 g5 42. h3 h5 0-1

[Event "Scarborough CC Jack Frost U1800"]
[Site "Toronto CAN"]
[Date "2012.01.19"]
[Round "3"]
[White "Maister, Martin"]
[Black "Wang, Eric1"]
[Result "0-1"]
[WhiteElo "1718"]
[BlackElo "1618"]
[PlyCount "72"]
[GameId "2160767909573164"]
[EventDate "2012.01.05"]
[EventType "swiss"]
[EventRounds "6"]
[EventCountry "CAN"]
[SourceTitle "EXT 2022"]
[Source "ChessBase"]
[SourceDate "2021.10.06"]
[SourceVersion "1"]
[SourceVersionDate "2021.10.06"]
[SourceQuality "1"]

1. c4 c5 2. Nc3 Nc6 3. g3 g6 4. Bg2 Bg7 5. e3 e5 6. Nge2 Nge7 7. O-O O-O 8. d3 d6 9. h3 Be6 10. Nd5 Qd7 11. Kh2 Rab8 12. a3 b5 13. Nxe7+ Nxe7 14. cxb5 Qxb5 15. Nc3 Qd7 16. Rb1 Bb3 17. Qe1 Bc2 18. Ra1 Bxd3 19. Rg1 d5 20. e4 d4 21. Nd1 Nc6 22. Bd2 Rfd8 23. f3 Bc2 24. b4 c4 25. Rc1 Bxd1 26. Qxd1 c3 27. Be1 Bh6 28. Ra1 Be3 29. Rf1 Ne7 30. Qd3 Qb5 31. Qxb5 Rxb5 32. Bf2 Bxf2 33. Rxf2 d3 34. Bf1 Rbb8 35. f4 d2 36. Be2 c2 0-1

[Event "Scarborough CC Jack Frost U1800"]
[Site "Toronto CAN"]
[Date "2012.01.19"]
[Round "3"]
[White "Super, Russell"]
[Black "Gillis, Doug"]
[Result "0-1"]
[WhiteElo "1401"]
[BlackElo "1637"]
[PlyCount "22"]
[GameId "2160767909573165"]
[EventDate "2012.01.05"]
[EventType "swiss"]
[EventRounds "6"]
[EventCountry "CAN"]
[SourceTitle "EXT 2022"]
[Source "ChessBase"]
[SourceDate "2021.10.06"]
[SourceVersion "1"]
[SourceVersionDate "2021.10.06"]
[SourceQuality "1"]

1. e4 e6 2. d4 d5 3. Nc3 dxe4 4. Nxe4 Qd5 5. Nc3 Bb4 6. a3 Bxc3+ 7. bxc3 Nf6 8. Nf3 O-O 9. Be2 b6 10. O-O Bb7 11. Ne5 Qxg2# 0-1

[Event "Scarborough CC Jack Frost U1800"]
[Site "Toronto CAN"]
[Date "2012.01.19"]
[Round "3"]
[White "Veecock, Carl"]
[Black "Azizi, Hamid"]
[Result "1/2-1/2"]
[WhiteElo "1373"]
[BlackElo "1431"]
[PlyCount "106"]
[GameId "2160767909573166"]
[EventDate "2012.01.05"]
[EventType "swiss"]
[EventRounds "6"]
[EventCountry "CAN"]
[SourceTitle "EXT 2022"]
[Source "ChessBase"]
[SourceDate "2021.10.06"]
[SourceVersion "1"]
[SourceVersionDate "2021.10.06"]
[SourceQuality "1"]

1. Nf3 d5 2. g3 e5 3. d3 Nc6 4. Bg2 Be6 5. O-O Bc5 6. Nbd2 Nge7 7. a3 a5 8. Re1 h6 9. c3 Qd7 10. d4 exd4 11. cxd4 Nxd4 12. Nxd4 Bxd4 13. e3 Bf6 14. Nb3 b6 15. Nd4 Bxd4 16. Qxd4 O-O-O 17. Bd2 Nf5 18. Qd3 Nd6 19. Bxd5 Nc4 20. Bxc4 Qxd3 21. Bxd3 Rxd3 22. Bc3 f6 23. Rac1 Bb3 24. e4 Re8 25. e5 f5 26. e6 Re7 27. Be5 c5 28. Re3 Rd1+ 29. Rxd1 Bxd1 30. Rd3 Rxe6 31. f4 Bc2 32. Rd2 Be4 33. Kf2 g5 34. Rd6 Rxd6 35. Bxd6 Kd7 36. Bf8 gxf4 37. gxf4 h5 38. h4 Ke6 39. Bh6 Kd5 40. Bg5 a4 41. Bd8 b5 42. Ke3 b4 43. axb4 cxb4 44. Bf6 Kc4 45. Bd4 Kb3 46. Kd2 a3 47. bxa3 Kxa3 48. Kc1 Kb3 49. Bb2 Kc4 50. Kd2 Kd5 51. Ke3 b3 52. Bc3 Bc2 53. Bb2 Kc4 1/2-1/2

[Event "Scarborough CC Jack Frost U1800"]
[Site "Toronto CAN"]
[Date "2012.01.19"]
[Round "3"]
[White "Vyravanathan, Sobiga"]
[Black "Aghamalian, Leonid"]
[Result "1-0"]
[WhiteElo "1514"]
[BlackElo "1448"]
[PlyCount "130"]
[GameId "2160767909573167"]
[EventDate "2012.01.05"]
[EventType "swiss"]
[EventRounds "6"]
[EventCountry "CAN"]
[SourceTitle "EXT 2022"]
[Source "ChessBase"]
[SourceDate "2021.10.06"]
[SourceVersion "1"]
[SourceVersionDate "2021.10.06"]
[SourceQuality "1"]

1. e4 e5 2. Nf3 Nc6 3. Bb5 a6 4. Ba4 Nf6 5. O-O b5 6. Bb3 Be7 7. Re1 O-O 8. c3 d6 9. d3 Bg4 10. h3 Be6 11. d4 Bxb3 12. Qxb3 Na5 13. Qd1 Nd7 14. Nbd2 f5 15. Nf1 fxe4 16. Rxe4 Nf6 17. Re1 e4 18. Ng5 Qd7 19. Nxe4 Nxe4 20. Rxe4 d5 21. Qg4 Qxg4 22. Rxg4 Nc4 23. Ne3 c6 24. Nxc4 bxc4 25. b3 cxb3 26. axb3 Bf6 27. Bg5 Bxg5 28. Rxg5 a5 29. Rg3 Rfb8 30. Ra3 Rb5 31. Rd3 Rab8 32. c4 dxc4 33. bxc4 Rb4 34. Rxa5 Rxc4 35. Ra1 Rd8 36. Rad1 Ra4 37. R3d2 Rd5 38. Rd3 Ra7 39. Rc3 Rad7 40. Rxc6 Rxd4 41. Rxd4 Rxd4 42. Re6 Kf7 43. Re3 Rd1+ 44. Kh2 g5 45. Kg3 h5 46. Kh2 Kf6 47. g3 Rd2 48. Kg2 Kf5 49. h4 gxh4 50. gxh4 Kg4 51. Re4+ Kf5 52. Ra4 Rd3 53. f3 Rd2+ 54. Kg3 Rd3 55. Ra5+ Kg6 56. Rc5 Rd4 57. Ra5 Rc4 58. Rd5 Rb4 59. Re5 Kh6 60. Re6+ Kg7 61. Ra6 Rc4 62. Re6 Rb4 63. Re4 Rb3 64. Kf4 Kf6 65. Ra4 Rc3 1-0

[Event "Scarborough CC Jack Frost U1800"]
[Site "Toronto CAN"]
[Date "2012.01.19"]
[Round "3"]
[White "Yie, Kevin Yi Xiao"]
[Black "Armstrong, Robert J"]
[Result "1/2-1/2"]
[WhiteElo "1573"]
[BlackElo "1699"]
[PlyCount "146"]
[GameId "2160767909573168"]
[EventDate "2012.01.05"]
[EventType "swiss"]
[EventRounds "6"]
[EventCountry "CAN"]
[SourceTitle "EXT 2022"]
[Source "ChessBase"]
[SourceDate "2021.10.06"]
[SourceVersion "1"]
[SourceVersionDate "2021.10.06"]
[SourceQuality "1"]

1. d4 g6 2. Nf3 Bg7 3. Bf4 c5 4. c3 Qa5 5. e3 d5 6. Be2 Nc6 7. O-O Bf5 8. Bd3 c4 9. Bxf5 gxf5 10. Qc2 e6 11. Nbd2 Nf6 12. b3 Ne4 13. bxc4 Nxc3 14. cxd5 Nxd5 15. a3 Nxf4 16. exf4 Bxd4 17. Nb3 Qb6 18. Nfxd4 Nxd4 19. Nxd4 Qxd4 20. g3 h5 21. Rad1 Qe4 22. Qb2 Ke7 23. Rfe1 Qf3 24. Rc1 Rhg8 25. Rc7+ Ke8 26. Qxb7 Qxb7 27. Rxb7 h4 28. Rc1 hxg3 29. fxg3 Rg7 30. Rcc7 Rh7 31. Re7+ Kf8 32. Rxa7 Rd8 33. Red7 Rc8 34. Rac7 Ra8 35. Rd3 Rb8 36. Rc2 Rb1+ 37. Kg2 Ra1 38. h4 Kg7 39. Rc7 Rh8 40. Ra7 Rc8 41. Rd2 Rc3 42. a4 Raa3 43. Kh2 Rxg3 44. Rg2 Rg4 45. a5 Rf3 46. a6 Rfxf4 47. Rg3 Kf6 48. Rxg4 Rxg4 49. Kh3 Ra4 50. Ra8 e5 51. a7 Ra3+ 52. Kg2 f4 53. h5 Ra2+ 54. Kg1 f3 55. h6 Kg6 56. Rg8+ Kxh6 57. a8=Q Rxa8 58. Rxa8 Kg5 59. Rf8 f5 60. Kf2 Kf4 61. Rh8 e4 62. Re8 Kg4 63. Rg8+ Kf4 64. Re8 Kg4 65. Re7 Kg5 66. Rc7 Kf4 67. Rc3 Kg4 68. Ra3 f4 69. Ra4 e3+ 70. Kf1 Kg3 71. Ra7 f2 72. Rg7+ Kf3 73. Rg3+ fxg3 1/2-1/2

[Event "Scarborough CC Jack Frost U1800"]
[Site "Toronto CAN"]
[Date "2012.01.19"]
[Round "3"]
[White "Zhao, Harry"]
[Black "Smith, Maurice"]
[Result "1/2-1/2"]
[WhiteElo "1303"]
[BlackElo "1475"]
[PlyCount "88"]
[GameId "2160767909573169"]
[EventDate "2012.01.05"]
[EventType "swiss"]
[EventRounds "6"]
[EventCountry "CAN"]
[SourceTitle "EXT 2022"]
[Source "ChessBase"]
[SourceDate "2021.10.06"]
[SourceVersion "1"]
[SourceVersionDate "2021.10.06"]
[SourceQuality "1"]

1. e4 c5 2. Nf3 d6 3. d4 cxd4 4. Nxd4 Nf6 5. Nc3 g6 6. Be3 Bg7 7. Be2 Bd7 8. O-O Nc6 9. Nf3 O-O 10. Qc1 Ng4 11. Bd2 Rc8 12. h3 Nge5 13. Nxe5 Nxe5 14. Bh6 Bc6 15. Bxg7 Kxg7 16. Qe3 a6 17. f4 Nd7 18. f5 Qc7 19. Rf4 Qb6 20. Qxb6 Nxb6 21. Raf1 Nd7 22. Bc4 Ne5 23. Bb3 b5 24. f6+ exf6 25. Rxf6 Rcd8 26. Bd5 Bxd5 27. Nxd5 Nc4 28. b3 Nd2 29. R1f4 g5 30. Rg4 h6 31. h4 Rfe8 32. hxg5 h5 33. Rh4 Nxe4 34. Rh6 Rh8 35. Rxh8 Kxh8 36. Rxh5+ Kg7 37. Nc7 Rc8 38. Nxa6 Rxc2 39. Nb4 Rc5 40. Rh4 Nxg5 41. Rd4 Ne6 42. Rxd6 Nf4 43. Rd2 Rg5 44. Nd3 Ne6 1/2-1/2

[Event "Scarborough CC Jack Frost U1800"]
[Site "Toronto CAN"]
[Date "2012.01.26"]
[Round "4"]
[White "Bellomo, Joe"]
[Black "Maister, Martin"]
[Result "0-1"]
[WhiteElo "1568"]
[BlackElo "1718"]
[PlyCount "82"]
[GameId "2160767909573170"]
[EventDate "2012.01.05"]
[EventType "swiss"]
[EventRounds "6"]
[EventCountry "CAN"]
[SourceTitle "EXT 2022"]
[Source "ChessBase"]
[SourceDate "2021.10.06"]
[SourceVersion "1"]
[SourceVersionDate "2021.10.06"]
[SourceQuality "1"]

1. e4 c5 2. Nf3 d6 3. d4 cxd4 4. Nxd4 Nf6 5. Nc3 a6 6. Be2 e5 7. Nb3 Be7 8. O-O Be6 9. Kh1 d5 10. exd5 Nxd5 11. Nxd5 Qxd5 12. Qe1 Nc6 13. Be3 Nb4 14. Bd1 O-O 15. a3 Nc6 16. Bf3 e4 17. Be2 Qe5 18. f4 exf3 19. Rxf3 Qxb2 20. Bd3 Qe5 21. Qg1 Rad8 22. Bf4 Qb2 23. Bc1 Qe5 24. Bf4 Qh5 25. Re1 Bd5 26. Be4 Bxe4 27. Rxe4 Bxa3 28. Qa1 Qd5 29. Re1 Bb4 30. Ref1 f6 31. Qb1 Rfe8 32. Rh3 Qe4 33. Rhf3 a5 34. Qa2 Qc4 35. Qb1 a4 36. Na1 Rd7 37. h3 Nd4 38. Rd3 Bc3 39. Rfd1 Bxa1 40. Qxa1 Nxc2 41. Qc1 Rxd3 0-1

[Event "Scarborough CC Jack Frost U1800"]
[Site "Toronto CAN"]
[Date "2012.01.26"]
[Round "4"]
[White "Crnilovic, Grisha"]
[Black "Zhao, Harry"]
[Result "0-1"]
[WhiteElo "1592"]
[BlackElo "1303"]
[PlyCount "36"]
[GameId "2160767909573171"]
[EventDate "2012.01.05"]
[EventType "swiss"]
[EventRounds "6"]
[EventCountry "CAN"]
[SourceTitle "EXT 2022"]
[Source "ChessBase"]
[SourceDate "2021.10.06"]
[SourceVersion "1"]
[SourceVersionDate "2021.10.06"]
[SourceQuality "1"]

1. e4 e6 2. d4 d5 3. Nc3 Bb4 4. a3 Bxc3+ 5. bxc3 dxe4 6. Qg4 Qf6 7. Qxe4 c5 8. Bb5+ Kf8 9. Nf3 a6 10. Ba4 Ne7 11. Bg5 Qg6 12. Qf4 f6 13. Bh4 c4 14. g4 b5 15. Ne5 Qh6 16. Bg5 Qxg5 17. Qe4 fxe5 18. Qxa8 Nbc6 0-1

[Event "Scarborough CC Jack Frost U1800"]
[Site "Toronto CAN"]
[Date "2012.01.26"]
[Round "4"]
[White "Gillis, Doug"]
[Black "Yie, Kevin Yi Xiao"]
[Result "0-1"]
[WhiteElo "1637"]
[BlackElo "1573"]
[PlyCount "84"]
[GameId "2160767909573172"]
[EventDate "2012.01.05"]
[EventType "swiss"]
[EventRounds "6"]
[EventCountry "CAN"]
[SourceTitle "EXT 2022"]
[Source "ChessBase"]
[SourceDate "2021.10.06"]
[SourceVersion "1"]
[SourceVersionDate "2021.10.06"]
[SourceQuality "1"]

1. d4 d5 2. Nc3 Nf6 3. Bg5 e6 4. e4 dxe4 5. Nxe4 Be7 6. Bxf6 Bxf6 7. Nf3 Nd7 8. Nxf6+ Nxf6 9. Bb5+ c6 10. Bd3 O-O 11. O-O h6 12. Ne5 Nd7 13. Qe2 Nf6 14. Rad1 Qe7 15. c3 Bd7 16. Nxd7 Qxd7 17. f4 Rae8 18. Bc2 Qc7 19. Qe5 Qxe5 20. dxe5 Nd5 21. Rf3 Rd8 22. g3 Nb6 23. Rfd3 Rxd3 24. Rxd3 g6 25. Kf2 Rc8 26. Ke2 Kf8 27. Bb3 Ke7 28. g4 c5 29. Rh3 Rh8 30. Kd3 Kf8 31. Ke4 Kg7 32. f5 c4 33. Bc2 Rd8 34. fxe6 fxe6 35. a4 Rd2 36. a5 Nd7 37. b3 Nc5+ 38. Kf4 Rxc2 39. bxc4 g5+ 40. Kg3 Ne4+ 41. Kf3 Rxc3+ 42. Kxe4 Rxh3 0-1

[Event "Scarborough CC Jack Frost U1800"]
[Site "Toronto CAN"]
[Date "2012.01.26"]
[Round "4"]
[White "Karpik, Steve"]
[Black "Aghamalian, Leonid"]
[Result "1/2-1/2"]
[WhiteElo "1495"]
[BlackElo "1448"]
[PlyCount "79"]
[GameId "2160767909573173"]
[EventDate "2012.01.05"]
[EventType "swiss"]
[EventRounds "6"]
[EventCountry "CAN"]
[SourceTitle "EXT 2022"]
[Source "ChessBase"]
[SourceDate "2021.10.06"]
[SourceVersion "1"]
[SourceVersionDate "2021.10.06"]
[SourceQuality "1"]

1. Nf3 d5 2. c4 e6 3. g3 Nf6 4. Bg2 c6 5. b3 Bc5 6. O-O O-O 7. d4 Bb6 8. c5 Bc7 9. Nbd2 a5 10. Bb2 Nbd7 11. a3 Re8 12. b4 b5 13. Ne5 Nxe5 14. dxe5 Nd7 15. f4 Bb7 16. Nf3 axb4 17. axb4 Qe7 18. Qd3 h6 19. Rxa8 Rxa8 20. Ra1 Qd8 21. Rxa8 Qxa8 22. Qa3 Qc8 23. Nd4 Qd8 24. Qa7 Qc8 25. e4 Kf8 26. exd5 exd5 27. Nf5 Ba6 28. Nd6 Bxd6 29. cxd6 Qb7 30. Qxb7 Bxb7 31. Bh3 Bc8 32. Bxd7 Bxd7 33. Bd4 Be6 34. Kg2 Ke8 35. h4 h5 36. Kf2 g6 37. Ke3 Kd7 38. Bb6 Ke8 39. Kd4 Kd7 40. Bc5 1/2-1/2

[Event "Scarborough CC Jack Frost U1800"]
[Site "Toronto CAN"]
[Date "2012.01.26"]
[Round "4"]
[White "Li, Yinshi"]
[Black "Aghamalian, Derick"]
[Result "1-0"]
[WhiteElo "1653"]
[BlackElo "1643"]
[PlyCount "99"]
[GameId "2160767909573174"]
[EventDate "2012.01.05"]
[EventType "swiss"]
[EventRounds "6"]
[EventCountry "CAN"]
[SourceTitle "EXT 2022"]
[Source "ChessBase"]
[SourceDate "2021.10.06"]
[SourceVersion "1"]
[SourceVersionDate "2021.10.06"]
[SourceQuality "1"]

1. d4 Nf6 2. c4 e6 3. g3 d5 4. Bg2 Be7 5. Nf3 O-O 6. O-O Re8 7. b3 b6 8. Bb2 Bb7 9. Nc3 c5 10. Ne5 Nc6 11. e3 cxd4 12. exd4 Rb8 13. Rc1 Rc8 14. cxd5 exd5 15. Bh3 Ra8 16. Bg2 Bd6 17. Nxd5 Na5 18. Nxf6+ Qxf6 19. Bxb7 Nxb7 20. Re1 Qf5 21. Kg2 Bxe5 22. Rxe5 Rxe5 23. dxe5 Rd8 24. Qf3 Qxf3+ 25. Kxf3 Nc5 26. Rc2 h6 27. Ba3 Ne6 28. Ke3 Kh7 29. Bd6 Kg6 30. h3 h5 31. f4 Rd7 32. g4 hxg4 33. hxg4 Nd8 34. Rc7 Rxc7 35. Bxc7 Nc6 36. Bd6 Kh6 37. b4 g6 38. b5 Nd8 39. Bb8 Ne6 40. Bxa7 Nc7 41. a4 Nd5+ 42. Kd4 Nxf4 43. Bxb6 Kg5 44. a5 Kxg4 45. a6 g5 46. a7 Kh3 47. a8=Q g4 48. Qh8+ Kg3 49. Ke4 Nh3 50. Be3 1-0

[Event "Scarborough CC Jack Frost U1800"]
[Site "Toronto CAN"]
[Date "2012.01.26"]
[Round "4"]
[White "Lin, William"]
[Black "Azmitia, Gabriel"]
[Result "0-1"]
[WhiteElo "1320"]
[BlackElo "1577"]
[PlyCount "103"]
[GameId "2160767909573175"]
[EventDate "2012.01.05"]
[EventType "swiss"]
[EventRounds "6"]
[EventCountry "CAN"]
[SourceTitle "EXT 2022"]
[Source "ChessBase"]
[SourceDate "2021.10.06"]
[SourceVersion "1"]
[SourceVersionDate "2021.10.06"]
[SourceQuality "1"]

1. e4 e5 2. f4 exf4 3. Nf3 g5 4. Bc4 Bg7 5. d4 d6 6. h3 Be6 7. d5 Bd7 8. O-O h6 9. Re1 f6 10. Nc3 Ne7 11. b3 O-O 12. Bb2 Be8 13. Be2 a6 14. Nd4 Bf7 15. Ne6 Bxe6 16. dxe6 c6 17. Bh5 a5 18. Bf7+ Kh8 19. Kh1 Qc7 20. Ba3 Rd8 21. Bb2 b5 22. a4 b4 23. Ne2 c5 24. c3 Nbc6 25. cxb4 Nxb4 26. Bc3 Rab8 27. h4 d5 28. hxg5 fxg5 29. Bxg7+ Kxg7 30. exd5 Rxd5 31. Qb1 Rd2 32. Qc1 Rc2 33. Qa3 Rd8 34. Rad1 Nbd5 35. Qa1+ Nf6 36. Rxd8 Qxd8 37. Qb1 Rd2 38. Nc3 Qd4 39. Ne4 Nxe4 40. Qxe4 Qf6 41. Qe5 Rd5 42. Qxf6+ Kxf6 43. Rc1 Re5 44. Kg1 Nc6 45. Rd1 Nd4 46. Rd3 Nxe6 47. Bxe6 Rxe6 48. Rd5 Rc6 49. Kh2 Ke6 50. Rd3 c4 51. bxc4 Rxc4 52. Ra3 0-1

[Event "Scarborough CC Jack Frost U1800"]
[Site "Toronto CAN"]
[Date "2012.01.26"]
[Round "4"]
[White "Mesiti, Silvano"]
[Black "Liang, Phillip"]
[Result "0-1"]
[WhiteElo "1605"]
[BlackElo "1524"]
[PlyCount "110"]
[GameId "2160767909573176"]
[EventDate "2012.01.05"]
[EventType "swiss"]
[EventRounds "6"]
[EventCountry "CAN"]
[SourceTitle "EXT 2022"]
[Source "ChessBase"]
[SourceDate "2021.10.06"]
[SourceVersion "1"]
[SourceVersionDate "2021.10.06"]
[SourceQuality "1"]

1. e4 c6 2. Nf3 d5 3. exd5 cxd5 4. d4 Nf6 5. Bb5+ Bd7 6. Bxd7+ Nbxd7 7. Nc3 e6 8. Bd2 Rc8 9. O-O a6 10. Ne2 Bd6 11. c3 O-O 12. Ng3 Nb6 13. Bg5 Be7 14. Ne5 Nc4 15. Nxc4 Rxc4 16. Re1 Qc7 17. Qd2 Rd8 18. Bf4 Qd7 19. Bg5 Rdc8 20. Qe2 b5 21. a3 R4c7 22. Bf4 Rb7 23. f3 a5 24. Bd2 Bf8 25. Qd3 b4 26. axb4 axb4 27. Reb1 bxc3 28. bxc3 Rcb8 29. Rxb7 Qxb7 30. Qc2 Qb5 31. Kf2 Ne8 32. Bf4 Bd6 33. Bxd6 Nxd6 34. Nf1 g6 35. Nd2 Kg7 36. Rb1 Qe8 37. Rxb8 Qxb8 38. g3 Qc7 39. Qd3 h5 40. h4 Nc4 41. Nxc4 Qxc4 42. Qxc4 dxc4 43. Ke3 Kf6 44. f4 Ke7 45. Kf3 f6 46. g4 Kd6 47. gxh5 gxh5 48. Ke3 Kd5 49. Kf3 f5 50. Ke3 Kc6 51. Kd2 Kb5 52. Ke3 Ka4 53. d5 exd5 54. Kd4 Kb3 55. Kxd5 Kxc3 0-1

[Event "Scarborough CC Jack Frost U1800"]
[Site "Toronto CAN"]
[Date "2012.01.26"]
[Round "4"]
[White "Pishdad, Hassan"]
[Black "Kurkowski, Ken"]
[Result "0-1"]
[WhiteElo "1345"]
[BlackElo "1604"]
[PlyCount "76"]
[GameId "2160767909573177"]
[EventDate "2012.01.05"]
[EventType "swiss"]
[EventRounds "6"]
[EventCountry "CAN"]
[SourceTitle "EXT 2022"]
[Source "ChessBase"]
[SourceDate "2021.10.06"]
[SourceVersion "1"]
[SourceVersionDate "2021.10.06"]
[SourceQuality "1"]

1. d4 Nf6 2. c4 g6 3. e3 d5 4. Nf3 Bg7 5. Nc3 c6 6. h3 O-O 7. cxd5 Nxd5 8. Bc4 Nxc3 9. bxc3 c5 10. O-O Nc6 11. Qe2 b6 12. Ba3 Bb7 13. Rad1 Qc7 14. e4 cxd4 15. cxd4 Rad8 16. Bb2 e6 17. Ba6 Bxa6 18. Qxa6 Qf4 19. Rfe1 Rd7 20. Qb5 Rc7 21. e5 Rfc8 22. d5 exd5 23. Qxd5 Nb4 24. Qb3 Rc2 25. a3 Na6 26. Ba1 Qf5 27. Qb5 Nc5 28. Bd4 Ne4 29. Qd3 Nc5 30. Qxf5 gxf5 31. Rc1 Ne4 32. Be3 Bf8 33. Nd4 Rxc1 34. Rxc1 Rxc1+ 35. Bxc1 Bc5 36. Be3 f4 37. f3 fxe3 38. fxe4 Bxd4 0-1

[Event "Scarborough CC Jack Frost U1800"]
[Site "Toronto CAN"]
[Date "2012.01.26"]
[Round "4"]
[White "Termeer, Ted"]
[Black "Cui, Gordon"]
[Result "0-1"]
[WhiteElo "1376"]
[BlackElo "1379"]
[PlyCount "72"]
[GameId "2160767909573178"]
[EventDate "2012.01.05"]
[EventType "swiss"]
[EventRounds "6"]
[EventCountry "CAN"]
[SourceTitle "EXT 2022"]
[Source "ChessBase"]
[SourceDate "2021.10.06"]
[SourceVersion "1"]
[SourceVersionDate "2021.10.06"]
[SourceQuality "1"]

1. Nf3 d5 2. d4 Nf6 3. Nc3 Nc6 4. Bf4 Bf5 5. Nb5 Rc8 6. a3 a6 7. Nc3 e6 8. e3 Bd6 9. Bg3 Nh5 10. b4 Nxg3 11. hxg3 h6 12. b5 axb5 13. Bxb5 Qd7 14. Nh4 Bh7 15. f4 Ra8 16. Nf3 O-O 17. Ne5 Qe8 18. Qc1 f6 19. Nxc6 bxc6 20. Bd3 Bxd3 21. cxd3 Qg6 22. Kf2 Qxd3 23. Rd1 Qc4 24. Nb1 Qxc1 25. Rxc1 Ra6 26. a4 Rfa8 27. Nc3 Bb4 28. Ne2 Rxa4 29. Rxa4 Rxa4 30. Rxc6 Bd6 31. Nc3 Rc4 32. Rxc4 dxc4 33. Ke2 Kf7 34. Kd2 Kg6 35. Ne2 Bb4+ 36. Kd1 Kf5 0-1

[Event "Scarborough CC Jack Frost U1800"]
[Site "Toronto CAN"]
[Date "2012.01.26"]
[Round "4"]
[White "Tismenko, Dennis"]
[Black "Smith, Maurice"]
[Result "0-1"]
[WhiteElo "1407"]
[BlackElo "1475"]
[PlyCount "74"]
[GameId "2160767909573179"]
[EventDate "2012.01.05"]
[EventType "swiss"]
[EventRounds "6"]
[EventCountry "CAN"]
[SourceTitle "EXT 2022"]
[Source "ChessBase"]
[SourceDate "2021.10.06"]
[SourceVersion "1"]
[SourceVersionDate "2021.10.06"]
[SourceQuality "1"]

1. e4 d6 2. d4 Nf6 3. Nc3 g6 4. Nf3 Bg7 5. Be3 O-O 6. h3 b6 7. Bc4 Bb7 8. d5 Nbd7 9. Bb3 Nc5 10. Bc4 Ncxe4 11. Nxe4 Nxe4 12. Bd3 Nc5 13. Bxc5 bxc5 14. O-O Bxd5 15. c4 Bc6 16. Rb1 Rb8 17. b3 e6 18. Be2 Be4 19. Bd3 Bc6 20. Be2 Qf6 21. Qd2 Rfd8 22. Qa5 Be4 23. Rbd1 Qe7 24. Nd2 Bc6 25. Bf3 Qd7 26. Qa6 Bxf3 27. Nxf3 c6 28. Rd2 Qc7 29. Rfd1 d5 30. cxd5 cxd5 31. Rc2 Qb6 32. Qxb6 axb6 33. a3 Rdc8 34. Rdc1 Bh6 35. Ra1 b5 36. Ne5 Rb7 37. b4 c4 0-1

[Event "Scarborough CC Jack Frost U1800"]
[Site "Toronto CAN"]
[Date "2012.01.26"]
[Round "4"]
[White "Verde, Pino"]
[Black "Mahendran, Sujeev"]
[Result "0-1"]
[WhiteElo "1610"]
[BlackElo "1474"]
[PlyCount "76"]
[GameId "2160767909573180"]
[EventDate "2012.01.05"]
[EventType "swiss"]
[EventRounds "6"]
[EventCountry "CAN"]
[SourceTitle "EXT 2022"]
[Source "ChessBase"]
[SourceDate "2021.10.06"]
[SourceVersion "1"]
[SourceVersionDate "2021.10.06"]
[SourceQuality "1"]

1. Nf3 Nf6 2. d4 d5 3. c4 e6 4. Nc3 Be7 5. Bf4 c5 6. e3 cxd4 7. exd4 Nc6 8. Rc1 a6 9. Be2 Bd6 10. Ne5 Qc7 11. cxd5 exd5 12. g4 Be6 13. g5 Nd7 14. O-O Ndxe5 15. dxe5 Bxe5 16. Nxd5 Bxd5 17. Bxe5 Qxe5 18. Re1 Qxg5+ 19. Bg4+ Be6 20. f4 Qxf4 21. Bxe6 fxe6 22. Rxe6+ Ne7 23. Qe1 Qg5+ 24. Kh1 Rf8 25. Re2 Qd5+ 26. Kg1 Rf7 27. Rc3 Kf8 28. Rd2 Qg5+ 29. Kh1 Re8 30. Re3 Qf6 31. Kg1 Qc6 32. Rde2 Qc5 33. Kh1 Rf6 34. b4 Qc6+ 35. Rg2 Nf5 36. Rxe8+ Qxe8 37. Qc3 Ne3 38. Qc5+ Kg8 0-1

[Event "Scarborough CC Jack Frost U1800"]
[Site "Toronto CAN"]
[Date "2012.01.26"]
[Round "4"]
[White "Ward, Dean"]
[Black "Graham, John"]
[Result "1/2-1/2"]
[WhiteElo "1787"]
[BlackElo "1451"]
[PlyCount "50"]
[GameId "2160767909573181"]
[EventDate "2012.01.05"]
[EventType "swiss"]
[EventRounds "6"]
[EventCountry "CAN"]
[SourceTitle "EXT 2022"]
[Source "ChessBase"]
[SourceDate "2021.10.06"]
[SourceVersion "1"]
[SourceVersionDate "2021.10.06"]
[SourceQuality "1"]

1. d4 e6 2. c4 Nf6 3. Nc3 Be7 4. e4 O-O 5. Bd3 b6 6. e5 Ne8 7. Qf3 c6 8. Nge2 d5 9. cxd5 exd5 10. O-O Be6 11. Nf4 Nd7 12. Nxe6 fxe6 13. Qg4 Nc7 14. Bh6 Rf7 15. f4 c5 16. dxc5 Nxc5 17. Rad1 Kh8 18. Qh5 Qf8 19. Bg5 Bxg5 20. Qxg5 Rf5 21. Qh4 Qd8 22. Qxd8+ Rxd8 23. Ne2 Rdf8 24. g3 N5a6 25. Nd4 Nc5 1/2-1/2